00337 2200133 4500001002100000005001500021035002000036245006900056260003400125082000800159084001200167990001200179990001200191INLIS00000000000257220250605120614 a0010-0625000158 aKiat Berbicara Di Depan Umum Untuk Eksekutif /cJohn. W. Osborne aJakarta :bBumi Aksara,c1994 a400 a400 KIA a0420998 a0420999